Villes de France en B - Statistiques

Statistiques générales
  • Ce quiz a été pris 175 fois
  • Le résultat moyen est 9 sur 15
Statistiques - réponses
Indices Villes % Correct
Quelle ville est mondialement connue pour ses vins ? Bordeaux
98%
Quelle ville du Sud-Ouest de la France est connu pour son jambon et ses férias ? Bayonne
90%
Quelle ville du Finistère est connue pour son grand port ainsi que pour Océanopolis ? Brest
90%
Quelle ville franc comtoise est considérée comme la capitale de l'horlogerie française ? Besançon
77%
Dans quelle ville est né Kylian Mbappé, notamment citée par Hamza dans sa chanson ? Bondy
68%
Quelle ville du Calvados est réputé pour ses tapisseries, montrant les exploits de Guillaume le Conquérant ? Bayeux
63%
Quelle ville bourguignonne est connue pour ses hospices, construites sous Philippe le Bon ? Beaune
59%
Quelle ville, ancienne résidence royale, est la préfecture du Loir-et-Cher ? Blois
57%
Quelle ville du Pas-de-Calais est le plus grand port de pêche de France ? Boulogne-sur-Mer
57%
Quelle ville est la préfecture de Seine-Saint-Denis, notamment lieu d'un procès avec Gisèle Halimi ? Bobigny
56%
Quelle commune est la préfecture de la Guadeloupe ? Basse-Terre
55%
Quelle ville, sous préfecture de l'Hérault est la plus ancienne ville de France ? Béziers
52%
Quelle préfecture, une des plus petites de France, est celle de la Meuse ? Bar-le-Duc
43%
Quelle ville des Hautes-Alpes est la ville la plus haute de France ? Briançon
41%
Quelle ville, la plus grande de Corrèze, est un symbole de résistance française lors de la Guerre de Cent Ans, lui valant son épithète ? Brive-la-Gaillarde
36%
Aucun quiz correspondant
Distribution des résultats
% des personnes avec chaque résultat
Percentile par nombre de réponses
Votre historique - résultats
Vous n’avez pas pris ce quiz